000 00626cam a22002053a 4500
001 43336
003 PGUSA
005 20140828084003.0
008 130728s2013||||xxu|||||s|||||000 | eng d
040 _aPGUSA
_beng
042 _adc
100 1 _aRichards, Laura Elizabeth Howe,
_d1850-1943
245 1 4 _aThe Pig Brother and Other Fables and Stories
_h[electronic resource] /
_cLaura Elizabeth Howe Richards
260 _bProject Gutenberg,
_c2013
506 _aPublic domain in the USA.
516 _aElectronic text
830 0 _aProject Gutenberg
_v43336
856 4 0 _uhttp://www.gutenberg.org/ebooks/43336
942 _cEB
999 _c272587
_d272587